000 00567nam a2200217Ia 4500
003 OSt
005 20220925224917.0
006 a|||||r|||| 00| 0
007 ta
008 220923b |||||||| |||| 00| 0 eng d
037 _cGeneral Book
040 _aRTL
_cRTL
_beng
041 _2eng
_aeng
082 _aYxN22:g, N2
100 _aBurns Tom
_9285909
245 0 _aErving Goffman.
260 _aLondon
_bRoutledge Published
_c1992
300 _aviii, 386p
_ccm.
942 _hYxN22:g, N2
_cGB
_2CC
999 _c582557
_d582557